Teorías de la comunicación de masas (Registro nro. 6302)
[ vista simple ]
| 000 -CABECERA | |
|---|---|
| Longitud fija campo de control | 00908nam a2200265 i 4500 |
| 001 - NÚMERO DE CONTROL | |
| Número de control | bimo0000409743 |
| 003 - IDENTIFICADOR DELl NÚMERO DE CONTROL | |
| Identificador del número de control | OSt |
| 005 - FECHA Y HORA DE LA ÚLTIMA TRANSACCIÓN | |
| Fecha y hora de la última transacción | 20140814172503.0 |
| 008 - CÓDIGOS DE INFORMACIÓN DE LONGITUD FIJA | |
| Códigos de información de longitud fija | 940712s2008 esp spa |
| 020 ## - NÚMERO INTERNACIONAL NORMALIZADO PARA LIBROS | |
| Número Internacional Normalizado para Libros (ISBN) | 978-84-7509-202-7 |
| 040 ## - FUENTE DE LA CATALOGACIÓN | |
| Centro catalogador de origen | SpMaBN |
| Lengua de catalogación | spa |
| Centro transcriptor | BMC |
| Normas de descripción | rdc |
| 082 ## - NÚMERO DE LA CLASIFICACIÓN DECIMAL DEWEY | |
| Númeroo de clasificación | 070 |
| 100 1# - PUNTO DE ACCESO PRINCIPAL-NOMBRE DE PERSONA | |
| Nombre de persona | DeFleur, Melvin L. |
| 9 (RLIN) | 20804 |
| 245 10 - MENCIÓN DE TÍTULO | |
| Título | Teorías de la comunicación de masas |
| Mención de responsabilidad, etc. | Melvin L. De Fleur, Sandra J. Ball-Rokeach ; [traducción de la 5ª edición por Joan Soler Chic] |
| 250 ## - MENCIÓN DE EDICIÓN | |
| Mención de edición | Nueva ed. rev. y amp |
| 260 ## - PUBLICACIÓN, DISTRIBUCIÓN, ETC. (PIE DE IMPRENTA) | |
| Lugar de publicación, distribución, etc. | Barcelona ; Buenos Aires ; México |
| Nombre del editor, distribuidor, etc. | Paidós |
| Fecha de publicación, distribución, etc. | 2008 |
| 300 ## - DESCRIPCIÓN FÍSICA | |
| Extensión | 463 p. |
| Dimensiones | 22 cm |
| 490 ## - MENCIÓN DE SERIE | |
| Mención de serie | Paidós Comunicación |
| Designación de volumen o secuencia | 2 |
| 500 ## - NOTA GENERAL | |
| Nota general | Índices p. [449]-463 |
| 594 ## - NOTA AL TÍTULO Y MENCIÓN DE RESPONSABIBLIDAD | |
| Nota Al Título Y Mención De Responsabilidad | Traducción de: Theories of mass communication |
| 650 24 - PUNTO DE ACCESO ADICIONAL DE MATERIA - TÉRMINO DE MATERIA | |
| Término de materia o nombre geográfico como elemento inicial | Medios de comunicación social |
| 9 (RLIN) | 2646 |
| 700 1# - PUNTO DE ACCESO ADICIONAL - NOMBRE DE PERSONA | |
| Nombre de persona | Ball-Rokeach, Sandra J. |
| 9 (RLIN) | 12327 |
| 700 1# - PUNTO DE ACCESO ADICIONAL - NOMBRE DE PERSONA | |
| Nombre de persona | Soler Chic, Joan |
| 9 (RLIN) | 12328 |
| 942 ## - ENTRADA DE ELEMENTOS AGREGADOS (KOHA) | |
| Fuente de clasificaión o esquema | Dewey Decimal Classification |
| Koha [por defecto] tipo de item | 1- Monografias |
| Suprimido | Perdido | Fuente de clasificación o esquema | Estropeado | Restricciones de uso | No para préstamo | Código de colección | Localización permanente | Localización actual | Localización en estanter&íacute;as | Fecha adquisición | Fuente de adquisición | Número de inventario | Préstamos totales | Signatura completa | Código de barras | Fecha última consulta | Fecha último préstamo | Coste, precio reemplazado | Fecha del precio de reemplazo | Tipo de item de Koha | Renovaciones totales |
|---|---|---|---|---|---|---|---|---|---|---|---|---|---|---|---|---|---|---|---|---|---|
| NULL | NULL | Dewey Decimal Classification | NULL | Prestable | NULL | NULL | Biblioteca Miguel de Cervantes - UNICAES | Biblioteca Miguel de Cervantes - UNICAES | Sala Principal | 23/01/2014 | Donación - Facultad de Ciencias y Humanidades | 010292 | 2 | 070 DEF teo | 1010292 | 08/03/2016 | 25/02/2016 | 39.59 | 23/01/2014 | 1- Monografias | |
| NULL | NULL | Dewey Decimal Classification | NULL | Prestable | NULL | NULL | Biblioteca Miguel de Cervantes - UNICAES | Biblioteca Miguel de Cervantes - UNICAES | Sala Principal | 23/01/2014 | Donación - Facultad de Ciencias y Humanidades | 010293 | 1 | 070 DEF teo | 1010293 | 18/10/2019 | 17/10/2019 | 39.59 | 23/01/2014 | 1- Monografias | |
| NULL | NULL | Dewey Decimal Classification | NULL | NULL | NULL | Biblioteca Miguel de Cervantes - UNICAES | Biblioteca Miguel de Cervantes - UNICAES | Sala Principal | 23/01/2014 | Donación - Facultad de Ciencias y Humanidades | 010294 | 4 | 070 DEF teo | 1010294 | 28/05/2019 | 28/05/2019 | 39.59 | 23/01/2014 | 1- Monografias | ||
| NULL | NULL | Dewey Decimal Classification | NULL | Prestable | NULL | NULL | Biblioteca Miguel de Cervantes - UNICAES | Biblioteca Miguel de Cervantes - UNICAES | Sala Principal | 23/01/2014 | Donación - Facultad de Ciencias y Humanidades | 010295 | 2 | 070 DEF teo | 1010295 | 05/10/2018 | 04/10/2018 | 39.59 | 23/01/2014 | 1- Monografias | 1 |
| NULL | NULL | Dewey Decimal Classification | NULL | Prestable | NULL | NULL | Biblioteca Miguel de Cervantes - UNICAES | Biblioteca Miguel de Cervantes - UNICAES | Sala Principal | 18/05/2016 | Donación - Escuela de Comunicaciones | 033152 | 4 | 070 DEF teo | 1040846 | 16/07/2018 | 12/07/2018 | 39.08 | 22/02/2017 | 1- Monografias | |
| NULL | NULL | Dewey Decimal Classification | NULL | Prestable | NULL | NULL | Biblioteca Miguel de Cervantes - UNICAES | Biblioteca Miguel de Cervantes - UNICAES | Sala Principal | 18/05/2016 | Donación - Escuela de Comunicaciones | 033153 | 9 | 070 DEF teo | 1040847 | 27/01/2023 | 25/01/2023 | 39.08 | 22/02/2017 | 1- Monografias | 1 |